000 00835nam a2200253Ia 4500
003 OSt
005 20220923215541.0
006 a|||||r|||| 00| 0
007 ta
008 220922b |||||||| |||| 00| 0 hin d
024 _a179,702
037 _cTextual
040 _aARTS
_cARTS
_bhin
041 _2hin
_ahin
082 _aO152,1J32:g, M7
100 _aलक्ष्मीनारायण
245 0 _aमानसकार की अन्तर्यात्रा
246 _aMānasakār kī antaryātrā
260 _aपिलानी
_b चिन्ता प्रकाशन
_c1987
300 _a86 पृ.
_ccm.
650 _aहिन्दी साहित्य
_9156264
942 _hO152,1J32:g, M7
_cTEXL
_2CC
999 _c333083
_d333083